书目信息 |
| 题名: |
宇宙揽奇
|
|
| 作者: | 袁之尚 编著 | |
| 分册: | ||
| 出版信息: | 北京 石油工业出版社 2003.01 |
|
| 页数: | 149页 | |
| 开本: | 23cm | |
| 丛书名: | 《知识自助餐》丛书 | |
| 单 册: | ||
| 中图分类: | P1-49 | |
| 科图分类: | ||
| 主题词: | 天文学--普及读物 | |
| 电子资源: | ||
| ISBN: | 7-5021-4089-1 | |
| 000 | 00676nam2 2200241 45 | |
| 001 | 012004000000 | |
| 005 | 20041208144459.33 | |
| 010 | @a7-5021-4089-1@dCNY 15.00 | |
| 100 | @a20041110d2003 em y0chiy0121 ea | |
| 101 | 0 | @achi |
| 102 | @aCN@b110000 | |
| 105 | @aaf z 000yy | |
| 200 | 1 | @a宇宙揽奇@Ayu zhou lan qi@f袁之尚编著 |
| 210 | @a北京@c石油工业出版社@d2003.01 | |
| 215 | @a149页@c图表@d23cm | |
| 225 | 2 | @a《知识自助餐》丛书@h第一辑 |
| 320 | @a书末附参考文献 | |
| 410 | 0 | @12001 @a《知识自助餐》丛书 |
| 606 | 0 | @a天文学@j普及读物 |
| 690 | @aP1-49@v4 | |
| 701 | 0 | @a袁之尚@Ayuan zhi shang@4编著 |
| 801 | 0 | @aCN@bQSSKxf@c20041208 |
| 905 | @a10447@dP1-49@eY920 | |
| 宇宙揽奇/袁之尚编著.-北京:石油工业出版社,2003.01 |
| 149页:图表;23cm.-(《知识自助餐》丛书.第一辑) |
| ISBN 7-5021-4089-1:CNY 15.00 |
| ● |
| 相关链接 |
|
|
|
正题名:宇宙揽奇
索取号:P1-49/Y920
 
预约/预借
| 序号 | 登录号 | 条形码 | 馆藏地/架位号 | 状态 | 备注 |
| 1 | 431796 | 204317961 | 社科二线400B/401自科库 109排2列2层/ [索取号:P1-49/Y920] | 在馆 | |
| 2 | 431797 | 204317970 | 社科二线400B/400B社科库 4排4列5层/ [索取号:P1-49/Y920] | 在馆 | |
| 3 | 431798 | 204317989 | 社科二线400B/400B社科库 4排4列5层/ [索取号:P1-49/Y920] | 在馆 |